00771nam a2200253 a 4500001001300000003000900013005001700022008004100039020001000080082002000090100001900110245008400129260003900213300001000252500003500262505001500297650001800312700001700330700001700347902000800364942000700372952012100379999001700500nice12345678IN_TiNIC20260116014715.0050524s2002 newa grp 000 0 eng  ac20000a341.7588bSHI12 aShiva, Vandana aSeeds of Suicideb The Ecological & Human Costs of Globalisation of Agriculture aNew Delhi bRFSTE, Navdanya c2002 a151p  aincludes index and biblioraphy2 aReferences aGlobalization1 aAfsar, Jafri1 aAshok, Emani bSRS cBK 001040708StackRoom-aHMIbHMId2013-01-08g200.00l0o341.7588 SHI12p023966r2013-01-08v200.00w2005-05-24yBK c16566d16566